Catálogo
 En Linea

The NPR classical music companion : (Registro nro. 42559)

Detalles MARC
000 -CABECERA
campo de control de longitud fija 00521nam a2200169 a 4500
001 - NÚMERO DE CONTROL
campo de control 000043070
005 - FECHA Y HORA DE LA ÚLTIMA TRANSACCIÓN
campo de control 20201002040620.0
008 - DATOS DE LONGITUD FIJA--INFORMACIÓN GENERAL
campo de control de longitud fija 140218s1997 nyu 001 0 spa d
020 ## - NÚMERO INTERNACIONAL ESTÁNDAR DEL LIBRO
Número Internacional Estándar del Libro 0395707420
040 ## - FUENTE DE LA CATALOGACIÓN
Centro catalogador/agencia de origen DO-SdBNP
Lengua de catalogación spa
Centro/agencia transcriptor BNPHU
082 ## - NÚMERO DE LA CLASIFICACIÓN DECIMAL DEWEY
Número de clasificación xxx
Número de documento/Ítem xxx
100 1# - ENTRADA PRINCIPAL--NOMBRE DE PERSONA
Nombre de persona Hoffman, Miles.
9 (RLIN) 70594
245 10 - MENCIÓN DE TÍTULO
Título The NPR classical music companion :
Resto del título terms and concepts from A to Z /
Mención de responsabilidad, etc. Miles Hoffman.
260 ## - PUBLICACIÓN, DISTRIBUCIÓN, ETC.
Lugar de publicación, distribución, etc. Boston :
Nombre del editor, distribuidor, etc. Houghton Mifflin,
Fecha de publicación, distribución, etc. 1997.
300 ## - DESCRIPCIÓN FÍSICA
Extensión x, 306 p. ;
Dimensiones 23 cm.
500 ## - NOTA GENERAL
Nota general National Public Radio (U.S.)
Existencias
Estado de retiro Estado de pérdida Restricciones de uso No para préstamo Código de colección Localización permanente Ubicación/localización actual Ubicación en estantería Fecha de adquisición Número de inventario Total de préstamos Signatura topográfica completa Código de barras Fecha visto por última vez Precio válido a partir de Tipo de ítem Koha
      Excluido de préstamo Monografías: Libros y Folletos General General En catalogación 18.02.2014 LF1   xxx xxx 43070-10 25.06.2020 25.06.2020 No se presta

Con tecnología Koha